Z denného života nemecké konverzačné články pre školu a prax

Bibliographic Details
Main Author: Kürschaková, Priska (Author, Compiler)
Format: Book
Language:German
Slovak
PhysicalDescription:112, [i] s. 8°
Published: Bratislava Nakladateľstvo slovenských profesorov 1943
Series:Kultúra a veda
Príručky a učebnice živých jazykov
Subjects:

MARC

LEADER 00000cam a2200000 a 4500
001 vtls008381227
003 SK-MaSNL
005 20260301123502.0
008 250313s1943 xo j p 000 0 ger
015 |a SNBA19421945-064/1397 
035 |a SK01SNKBKSD220010073444 
035 |a urn:nbn:sk:snk-am3i5n8 
035 |a 9E0FE12E-F69A-4162-9EE8-1AFFEECFCD45 
035 |a urn:nbn:sk:snk-am00dky0 
035 |a SKM000075907 
040 |a SNK  |b slo  |c SNK  |e AACR2 
041 0 |a ger  |a slo 
044 |a xo  |c SK 
080 |a 803.0(075)  |2 1981 
100 1 |a Kürschaková, Priska  |4 aut  |4 com  |9 309090 
245 1 0 |a Z denného života  |b nemecké konverzačné články pre školu a prax  |c sostavila Dr. Priska Kürschaková 
246 1 1 |a Aus dem täglichen Leben  |b Deutsche Konversationsthemen für Schule und Selbstunterricht 
260 |a Bratislava  |b Nakladateľstvo slovenských profesorov  |c 1943  |e Turčiansky Sv. Martin  |f Kníhtlačiarsky účastinársky spolok 
300 |a 112, [i] s.  |c 8° 
490 1 |a Kultúra a veda  |v rad VI. 
490 1 |a Príručky a učebnice živých jazykov  |v č. 1 
546 |a Názov a tiráž v slovenčine 
650 0 7 |a nemčina  |2 SNKPH  |9 1384 
650 0 7 |a konverzácia  |2 SNKPH  |9 49849 
655 7 |a príručky  |2 SNKPH  |9 74364 
830 0 |a Kultúra a veda  |9 399312 
830 0 |a Príručky a učebnice živých jazykov  |9 470507 
852 |a Slovenská národná knižnica 
958 |a RK 
958 |a TL 
958 |a DE 
958 |a OND 
999 |c 736404  |d 738334 
952 |a SNK  |b SNK  |y PREZ  |7 0  |p 17A0780788  |o snkSC 8174  |i snkKSF 1937/56  |8 5  |0 0  |1 0  |4 0  |d 2019-07-08  |f 1  |l 0  |r 2025-07-09 00:00:00  |w 2026-02-23